<?xml version="1.0" encoding="UTF-8"?>
<record
    xmlns:xsi="http://www.w3.org/2001/XMLSchema-instance"
    xsi:schemaLocation="http://www.loc.gov/MARC21/slim http://www.loc.gov/standards/marcxml/schema/MARC21slim.xsd"
    xmlns="http://www.loc.gov/MARC21/slim">

  <leader>00498    a2200133   4500</leader>
  <controlfield tag="005">20250607122623.0</controlfield>
  <datafield tag="020" ind1=" " ind2=" ">
    <subfield code="a">978-9988-2-2066-2</subfield>
  </datafield>
  <datafield tag="082" ind1=" " ind2=" ">
    <subfield code="a">REF  060.96  ARC</subfield>
  </datafield>
  <datafield tag="245" ind1=" " ind2=" ">
    <subfield code="a">4th Applied Research  Conference  in Africa  27-29 August 2015, Institute  of Agricultural  Research &amp; Training   Ibadan,  Nigeria</subfield>
  </datafield>
  <datafield tag="260" ind1=" " ind2=" ">
    <subfield code="a">Nigeria,</subfield>
    <subfield code="b">Applied Research Coference  in Africa  (ARCA),</subfield>
    <subfield code="c">2016.</subfield>
  </datafield>
  <datafield tag="300" ind1=" " ind2=" ">
    <subfield code="a">xxi, 511p.: Ill.; figures &amp; table.</subfield>
    <subfield code="c">28cm.</subfield>
  </datafield>
  <datafield tag="700" ind1=" " ind2=" ">
    <subfield code="a">NANI, G . &amp; ATEPOR, L.</subfield>
  </datafield>
  <datafield tag="942" ind1=" " ind2=" ">
    <subfield code="2">ddc</subfield>
    <subfield code="c">BKS</subfield>
  </datafield>
  <datafield tag="999" ind1=" " ind2=" ">
    <subfield code="c">3442</subfield>
    <subfield code="d">3442</subfield>
  </datafield>
  <datafield tag="952" ind1=" " ind2=" ">
    <subfield code="r">2025-06-07 12:27:56</subfield>
    <subfield code="l">0</subfield>
    <subfield code="o">REF 060.96 ARC</subfield>
    <subfield code="p">00000011579</subfield>
    <subfield code="v">150000.00</subfield>
    <subfield code="w">2025-06-07</subfield>
    <subfield code="y">BKS</subfield>
    <subfield code="1">0</subfield>
    <subfield code="2">ddc</subfield>
    <subfield code="4">0</subfield>
    <subfield code="7">0</subfield>
    <subfield code="0">0</subfield>
    <subfield code="a">CBEML</subfield>
    <subfield code="b">CBEML</subfield>
    <subfield code="c">REF</subfield>
    <subfield code="d">2015-09-02</subfield>
    <subfield code="g">50000.00</subfield>
  </datafield>
</record>
